Statistics for Countries that Visit New York the Most

Click here to take the quiz!

General Stats

  • This quiz has been taken 609 times
  • The average score is 11 of 12

Answer Stats

VisitorsCountry% Correct
3,368,000Canada
98%
973,459United Kingdom
98%
531,345France
97%
418,270Germany
95%
364,397China
94%
173,078Mexico (by air only)
93%
342,663Italy
92%
212,527Japan
92%
273,786Spain
91%
239,970Brazil
83%
166,684Australia
76%
161,327South Korea
73%

Score Distribution

Percentile by Number Answered

Percent of People with Each Score

Your Score History

You have not taken this quiz